Methods in aquatic microbiology (Record no. 22479)

MARC details
000 -LEADER
fixed length control field 00459nam a2200181Ia 4500
082 ## - DEWEY DECIMAL CLASSIFICATION NUMBER
Classification number 579.68
Item number ROD
100 ## - MAIN ENTRY--AUTHOR NAME
Personal name Rodina, A G
245 #0 - TITLE STATEMENT
Title Methods in aquatic microbiology
260 ## - PUBLICATION, DISTRIBUTION, ETC. (IMPRINT)
Place of publication London
Name of publisher Butterworths
Year of publication 1972
650 ## - SUBJECT ADDED ENTRY--TOPICAL TERM
Topical Term Aquatic microbiology
650 ## - SUBJECT ADDED ENTRY--TOPICAL TERM
Topical Term Iron bacteria
650 ## - SUBJECT ADDED ENTRY--TOPICAL TERM
Topical Term Microorganisms
650 ## - SUBJECT ADDED ENTRY--TOPICAL TERM
Topical Term Microscopy
650 ## - SUBJECT ADDED ENTRY--TOPICAL TERM
Topical Term Nitrogen cycle
650 ## - SUBJECT ADDED ENTRY--TOPICAL TERM
Topical Term Sulfur cycle
942 ## - ADDED ENTRY ELEMENTS (KOHA)
Koha item type Books
Holdings
Withdrawn status Lost status Damaged status Not for loan Home library Current library Date acquired Full call number Accession Number Koha item type
        RRII Library RRII Library 16/12/2021 579.68 ROD 03199 Books